[Event "OBEM 2019"]
[Site "Bremen"]
[Date "2019.04.15"]
[Round "4.3"]
[White "Margraf, Daniel"]
[Black "Erofeev, Anastasia"]
[Result "1-0"]
[WhiteElo "2238"]
[BlackElo "1975"]
[Annotator "TA"]
[PlyCount "173"]
[EventDate "2019.04.13"]
[EventType "swiss"]
[EventCountry "GER"]
[SourceTitle "playchess.com"]
[Source "ChessBase"]
[SourceQuality "1"]

{[%evp 9,173,0,16,-20,-6,-2,0,-2,9,12,22,0,9,-14,17,12,21,18,25,12,15,18,16,13,35,30,67,64,85,74,72,70,83,31,80,77,167,148,230,140,257,252,294,177,162,84,92,58,59,67,57,56,66,49,72,62,151,137,137,114,127,109,112,95,96,61,57,56,72,67,64,18,19,19,19,19,26,18,26,0,14,3,18,12,26,26,26,0,0,0,18,18,26,25,11,11,19,0,0,0,0,0,0,0,0,0,0,0,0,0,30,1,14,0,30,0,30,0,0,0,0,0,0,0,0,0,0,0,30,0,0,0,30,30,30,0,32,0,136,131,214,208,913,171,812,365,349,358,354,343,323,263,29968,29969,5373,498,390,373,825,802,29954,1574,29939,5506,29977,29976]} 1. Nc3 d5 2. e4 d4 3. Nce2 c5 4. Ng3 e6 (4... Nc6 5. Bc4 a6 6. d3 e6 7. a4 Bd6 8. f4 e5 9. f5 Nf6 10. Nh5 g6 11. Ng7+ Ke7 12. Nh3 Rg8 13. Bh6 gxf5 {0-1 (48) Andreikin,D (2720)-Svidler,P (2727) Berlin 2015}) 5. f4 Nf6 6. Nf3 {A00: Irregular Openings} a6 7. Be2 $146 ({Predecessor:} 7. d3 h5 8. e5 Ng4 9. h3 Nh6 10. Nxh5 Nf5 11. g4 Be7 12. gxf5 Bh4+ 13. Kd2 Rxh5 14. Rg1 Rxf5 15. Rxg7 Kf8 16. Rg4 Be7 17. Qe2 Rh5 18. Qg2 Rh8 19. Be2 Bd7 {1-0 (19) Stevens,R-Seotloadi,T Cape Town 2007}) 7... Nc6 8. O-O {The position is equal.} Qc7 9. d3 Be7 10. c4 Nd7 11. Ng5 Bxg5 12. fxg5 Nde5 13. Nh5 O-O 14. Bf4 Qb6 15. b3 Ng6 16. Bd2 e5 17. Ng3 Nd8 18. Nf5 Ne6 19. g3 Qd8 20. h4 Ne7 21. Bf3 (21. b4 $16) 21... Nc7 22. Bg2 Ne8 (22... Nc6 $16) 23. b4 b6 (23... b5 $16 {was called for.}) 24. Qa4 Bb7 (24... Bd7 $16 {might work better.} 25. Qa3 Bc6) 25. bxc5 $18 bxc5 26. Rab1 Nxf5 27. Rxf5 ({Resist} 27. Rxb7 $6 Nxg3 28. Rf2 Rb8 $14) (27. Ba5 $1 $18 {[%cal Ra5d8]} Qe7 28. Rxb7 (28. exf5 Bxg2 29. Kxg2 Rc8 $14) (28. Rxf5 f6 $16) 28... Qxb7 29. exf5 {[%mdl 64] Discovered Attack}) 27... Qe7 $16 28. Qa5 Nd6 29. Rf2 ({Much weaker is} 29. Qxc5 Nxf5 30. Qxe7 Nxe7 $11) 29... Rfc8 30. Bc1 Bc6 31. Ba3 Nb7 32. Qb6 Qd6 (32... Rc7 $14) 33. Bh3 Rc7 34. Bg4 a5 35. Bh5 Kf8 36. Rbf1 Be8 37. Qb1 Nd8 {[%cal Bb7d8,Bd8c6,Bc6b4][%mdl 32]} 38. Rb2 Raa7 39. Rb6 Qe7 40. Rb8 (40. Rf2 {seems wilder.} Ra8 41. Bg4 Nc6 42. Bc1 Kg8 43. h5) 40... Rab7 41. Rxb7 Rxb7 42. Qe1 Nc6 43. Qd2 Kg8 44. Be2 Nb4 45. Rb1 Qd7 46. Kh2 Qa4 47. Bc1 {Black must now prevent a3.} Qd7 $1 48. Qb2 {Threatening a3.} Rb6 49. Qd2 Qb7 50. Bd1 Kf8 51. a3 Nc6 52. Rxb6 Qxb6 53. h5 Nd8 54. h6 g6 55. Qf2 Ke7 56. Bd2 Nb7 57. Bg4 Kd8 58. Kh3 Kc7 59. Kh4 Kd8 60. Bh3 Kc7 61. Qf3 Kd8 62. Qd1 Nd6 63. Qg4 (63. Qf1 $5 {[%cal Rf1f6]} Nb7 64. Be1 $14) 63... Kc7 64. Qf3 {aiming for Qf6.} Nb7 65. Be1 Kd8 66. g4 Ke7 67. Bg3 Qd6 68. Qf2 Bc6 69. Bf1 Qe6 70. Be2 Kd6 71. Bd1 Qe7 72. Qd2 Qe6 73. Qb2 {Black should prevent Qb6.} Qe7 (73... f6 $11) 74. Qb6 f6 (74... Kd7 $16 {was worth a try.} 75. Ba4 Nd8) 75. Ba4 $1 $40 {[%csl Ga4][%cal Rb6c6][%mdl 128] White goes for the king.} fxg5+ 76. Kh3 {[%csl Ga4][%cal Rb6c6]} Qd7 $2 {[#]} (76... Nd8 77. Bb5 a4 78. Qb8+ Kd7) 77. Bxc6 (77. Bxe5+ $142 $1 {[%mdl 512]} Kxe5 78. Bxc6) 77... Qxc6 {[#]} 78. Bxe5+ $1 {[%mdl 512]} Kd7 {[#]} (78... Kxe5 79. Qxc6) 79. Qa7 $1 Qc8 80. Bf6 Ke6 $2 (80... Qc7 $18 81. Bxg5 Nd8) 81. Qb6+ Kd7 82. Bxg5 (82. e5 $142 {And now e6+ would win.} Qc7 83. Qb5+ Kc8 84. Qe8+ Nd8 85. e6) 82... Qc6 83. Qa7 Qc8 $2 (83... Qc7 84. Bh4 Nd6) 84. Bf4 Kc6 85. Qa6+ Kd7 86. Qf6 Qe8 87. Qg7+ {Accuracy: White = 49%, Black = 40%.} 1-0

[Event "OBEM 2019"]
[Site "Bremen"]
[Date "2019.04.15"]
[Round "4.4"]
[White "Hundack, Rolf"]
[Black "Buescher, Andre"]
[Result "1-0"]
[WhiteElo "2140"]
[BlackElo "2019"]
[Annotator "TA"]
[PlyCount "101"]
[EventDate "2019.04.13"]
[EventType "swiss"]
[EventCountry "GER"]
[SourceTitle "playchess.com"]
[Source "ChessBase"]
[SourceQuality "1"]

{[%evp 9,101,-47,-37,-43,-43,-41,-8,-25,-22,-43,-42,-41,-45,-39,-39,-40,-37,-44,-35,-39,-35,-48,-45,-49,-43,-56,-48,-68,-51,-95,-87,-87,-80,-87,-82,-83,-81,-131,-96,-96,-96,-96,-96,-95,-95,-117,-106,-97,-92,-87,-72,-74,-81,-82,-72,-84,-22,-21,-8,-12,0,0,53,0,0,0,75,75,88,97,127,76,91,54,56,52,68,58,74,79,68,72,91,92,98,58,174,154,175,156,277,228,330,291]} 1. b3 e5 2. Bb2 Nc6 3. e4 Nf6 4. Nc3 Bc5 (4... Bb4 5. Nd5 Bc5 6. d3 O-O 7. Qd2 d6 8. b4 Nxd5 9. bxc5 Nde7 10. cxd6 cxd6 11. g3 d5 12. Bg2 dxe4 13. Bxe4 {0-1 (102) Ulanov,A (2425)-Prizant,J (2515) Ekaterinburg 2013}) 5. Be2 O-O 6. Nf3 {A01: Nimzowitsch-Larsen Opening} Re8 7. O-O Nd4 $146 ({Predecessor:} 7... d5 8. exd5 Nxd5 9. Nxd5 Qxd5 10. d3 Bf5 11. Qc1 h6 12. a3 {0-1 (34) Shamsuddin,S (1555)-Chan,S (1927) Seri Iskandar 2017}) 8. d3 {The position is equal.} c6 9. Nxd4 Bxd4 10. Rb1 d5 11. Bf3 Be6 12. Ne2 Bxb2 13. Rxb2 dxe4 14. dxe4 Qa5 15. c3 Rad8 16. Rd2 g6 17. h3 Kg7 18. Nc1 c5 19. Qc2 Rxd2 20. Qxd2 Rd8 21. Qc2 c4 22. b4 Qa3 23. Kh2 Rd6 24. Rd1 Rxd1 25. Bxd1 a5 26. bxa5 Qxa5 27. Bf3 Qc5 28. Kg1 Bd7 29. Ne2 Bc6 30. Ng3 Qd6 31. Qc1 h6 32. h4 Qd3 (32... h5 $17) 33. Be2 $11 Qd7 (33... Qd8 {is more complex.} 34. Bxc4 Nxe4 35. Nxe4 Bxe4 36. Qe3 Qd1+) 34. Qe3 Qe6 35. h5 Nd7 (35... b5 $11) 36. hxg6 ({White should try} 36. Qa7 $1 $14) 36... fxg6 37. Nf1 Qd6 (37... b6 $11) 38. Bxc4 $16 Nf6 39. f3 Nh5 40. Be2 (40. Qb6 $142) 40... Nf4 41. g3 Nxe2+ 42. Qxe2 Qc5+ 43. Qe3 Qc4 44. Qd2 $36 {[%mdl 2048] White is in control.} h5 45. Ne3 Qc5 46. Kg2 Qe7 47. c4 Kh7 ({Better is} 47... Qc5 $14) 48. Nd5 $18 Qd8 49. Qb4 Bxd5 (49... g5 $16 50. Kg1 Kg7) 50. Qd2 {[%mdl 64] [#] Pin} ({Don't play} 50. cxd5 $6 Qc7 $18) 50... Qe7 (50... Qd6 {was called for.} 51. cxd5 (51. Qxd5 Qc7 $16) (51. exd5 b6 $16) 51... Kg8) 51. exd5 {Accuracy: White = 58%, Black = 40%.} ({Resist} 51. cxd5 $6 Qd6 $18) 1-0

[Event "OBEM 2019"]
[Site "Bremen"]
[Date "2019.04.16"]
[Round "5.1"]
[White "Elmali, Timur"]
[Black "Margraf, Daniel"]
[Result "0-1"]
[WhiteElo "2121"]
[BlackElo "2238"]
[Annotator "ChessBase"]
[PlyCount "126"]
[EventDate "2019.04.13"]
[EventType "swiss"]
[EventCountry "GER"]
[SourceTitle "playchess.com"]
[Source "ChessBase"]
[SourceQuality "1"]
[TimeControl "40/5400+30:1800+30"]

1. d4 {[%emt 0:00:00]} Nf6 {[%emt 0:01:58]} 2. c4 {[%emt 0:00:15]} e6 {[%emt 0:01:23]} 3. Nc3 {[%emt 0:00:25]} Bb4 {[%emt 0:00:20]} 4. e3 {[%emt 0:00:55]} O-O {[%emt 0:00:14]} 5. Nf3 {[%emt 0:00:47]} d5 {[%emt 0:01:34]} 6. a3 {[%emt 0:02:24]} Bxc3+ {[%emt 0:04:27]} 7. bxc3 {[%emt 0:00:39]} c5 {[%emt 0:01:11]} 8. Bd3 {[%emt 0:01:49]} Qc7 {[%emt 0:04:53]} 9. Qc2 {[%emt 0:07:05]} b6 {[%emt 0:05:05]} 10. cxd5 {[%emt 0:08:01]} exd5 {[%emt 0:08:06]} 11. O-O {[%emt 0:01:05]} c4 {[%emt 0:01:14]} 12. Bf5 {[%emt 0:00:48]} Nc6 {[%emt 0:07:53]} 13. Nd2 {[%emt 0:05:51]} Re8 {[%emt 0:01:06]} 14. Re1 {[%emt 0:02:16]} Na5 {[%emt 0:10:21]} 15. Bxc8 {[%emt 0:13:28]} Raxc8 {[%emt 0:00:09]} 16. Rb1 {[%emt 0:05:57]} Ne4 {[%emt 0:02:22]} 17. Nf1 {[%emt 0:02:31]} Qc6 {[%emt 0:06:48]} 18. f3 {[%emt 0:00:27]} Nd6 {[%emt 0:00:16]} 19. Nd2 {[%emt 0:11:33]} Re6 {[%emt 0:06:02]} 20. a4 {[%emt 0:11:13]} Rce8 {[%emt 0:00:24]} 21. Kf2 {[%emt 0:00:07]} f5 {[%emt 0:02:24]} 22. g3 {[%emt 0:00:40]} Rh6 {[%emt 0:01:51]} 23. Rh1 {[%emt 0:03:44]} Rhe6 {[%emt 0:01:10]} 24. Re1 {[%emt 0:00:07]} Qd7 {[%emt 0:06:55]} 25. Ba3 {[%emt 0:00:30]} Nab7 {[%emt 0:01:03]} 26. Re2 {[%emt 0:03:07]} Qf7 {[%emt 0:00:48]} 27. Rbe1 {[%emt 0:01:17]} Qh5 {[%emt 0:00:55]} 28. Kg2 {[%emt 0:08:09]} f4 {[%emt 0:03:59]} 29. Bxd6 {[%emt 0:01:13]} Nxd6 {[%emt 0:01:08]} 30. Nf1 {[%emt 0:01:45]} fxg3 {[%emt 0:00:52]} 31. Nxg3 {[%emt 0:01:20]} Qh4 {[%emt 0:05:14]} 32. e4 {[%emt 0:02:41]} Rh6 {[%emt 0:00:33]} 33. Kg1 {[%emt 0:00:14]} Rg6 {[%emt 0:03:08]} 34. Rg2 {[%emt 0:01:44]} Nf7 {[%emt 0:02:51]} 35. Rf1 {[%emt 0:00:47]} Ng5 {[%emt 0:01:09]} 36. e5 {[%emt 0:00:26]} Nh3+ {[%emt 0:00:25]} 37. Kh1 {[%emt 0:00:11]} Nf4 {[%emt 0:00:26]} 38. Rgg1 {[%emt 0:00:31]} Rf8 {[%emt 0:01:20]} 39. Nf5 {[%emt 0:01:30]} Rxg1+ {[%emt 0:02:15]} 40. Rxg1 {[%emt 0:00:08]} Qh5 {[%emt 0:02:48]} 41. Ne7+ {[%emt 0:04:59]} Kh8 {[%emt 0:04:59]} 42. Rg4 {[%emt 0:03:45]} Qf7 {[%emt 0:05:13]} 43. Nc6 {[%emt 0:04:37]} Nd3 {[%emt 0:01:48]} 44. Rg3 {[%emt 0:00:21]} a5 {[%emt 0:03:45]} 45. Qb1 {[%emt 0:03:41]} Qc7 {[%emt 0:03:40]} 46. Qb5 {[%emt 0:00:49]} Rc8 {[%emt 0:00:14]} 47. Nxa5 {[%emt 0:00:46]} bxa5 {[%emt 0:00:12]} 48. Qxd5 {[%emt 0:00:05]} Rb8 {[%emt 0:01:31]} 49. e6 {[%emt 0:00:59]} Re8 {[%emt 0:01:35]} 50. Rg5 {[%emt 0:01:01]} h6 {[%emt 0:01:57]} 51. Rf5 {[%emt 0:00:22]} Nf4 {[%emt 0:03:20]} 52. Qb5 {[%emt 0:01:48]} Rxe6 {[%emt 0:04:33]} 53. Rf8+ {[%emt 0:00:14]} Kh7 {[%emt 0:00:07]} 54. Qf5+ {[%emt 0:00:09]} Ng6 {[%emt 0:01:47]} 55. Qxe6 {[%emt 0:00:38]} Nxf8 {[%emt 0:00:09]} 56. Qf5+ {[%emt 0:00:17]} Kg8 {[%emt 0:00:44]} 57. Kg2 {[%emt 0:00:11]} Qd8 {[%emt 0:00:56]} 58. f4 {[%emt 0:00:40]} Qc7 {[%emt 0:00:48]} 59. Kf3 {[%emt 0:00:34]} Qc6+ {[%emt 0:00:26]} 60. d5 {[%emt 0:00:49]} Qxa4 {[%emt 0:00:12]} 61. Qe5 {[%emt 0:03:55]} Qd1+ {[%emt 0:00:25]} 62. Kf2 {[%emt 0:01:13]} Qd2+ {[%emt 0:00:38]} 63. Kg3 {[%emt 0:00:15]} a4 {[%emt 0:00:11]} 0-1

[Event "OBEM 2019"]
[Site "Bremen"]
[Date "2019.04.16"]
[Round "5.2"]
[White "Stieglitz, Dirk"]
[Black "Hundack, Rolf"]
[Result "1/2-1/2"]
[WhiteElo "2076"]
[BlackElo "2140"]
[Annotator "NA"]
[PlyCount "55"]
[EventDate "2019.04.13"]
[EventType "swiss"]
[EventCountry "GER"]
[SourceTitle "playchess.com"]
[Source "ChessBase"]
[SourceQuality "1"]
[TimeControl "40/5400+30:1800+30"]

1. c4 {[%emt 0:00:00]} e5 {[%emt 0:03:59]} 2. g3 {[%emt 0:00:00]} Nc6 {[%emt 0:03:19]} 3. Bg2 {[%emt 0:02:16]} Nf6 {[%emt 0:02:50]} 4. Nc3 {[%emt 0:00:28]} Bb4 {[%emt 0:01:55]} 5. a3 {[%emt 0:03:01]} Bxc3 {[%emt 0:01:56]} 6. bxc3 {[%emt 0:00:23]} O-O {[%emt 0:01:05]} 7. d3 {[%emt 0:01:01]} d6 {[%emt 0:02:39]} 8. Rb1 {[%emt 0:00:46]} Qe7 {[%emt 0:04:37]} 9. Bg5 {[%emt 0:03:04]} h6 {[%emt 0:02:39]} 10. Bxf6 {[%emt 0:00:43]} Qxf6 {[%emt 0:00:49]} 11. e3 {[%emt 0:00:16]} Nd8 {[%emt 0:08:22]} 12. Ne2 {[%emt 0:03:03]} Bg4 {[%emt 0:08:32]} 13. O-O {[%emt 0:04:39]} Bf3 {[%emt 0:01:36]} 14. Bxf3 {[%emt 0:02:52]} Qxf3 {[%emt 0:00:16]} 15. Nc1 {[%emt 0:00:06]} Qc6 {[%emt 0:00:36]} 16. Qb3 {[%emt 0:03:46]} Qd7 {[%emt 0:03:08]} 17. Qd1 {[%emt 0:02:23]} b6 {[%emt 0:01:11]} 18. f4 {[%emt 0:01:56]} exf4 {[%emt 0:03:11]} 19. gxf4 {[%emt 0:01:38]} f5 {[%emt 0:03:02]} 20. Rf3 {[%emt 0:02:53]} Ne6 {[%emt 0:04:54]} 21. Rg3 {[%emt 0:00:21]} Rae8 {[%emt 0:02:58]} 22. Rb2 {[%emt 0:00:31]} Rf7 {[%emt 0:03:41]} 23. Rbg2 {[%emt 0:00:51]} Kf8 {[%emt 0:01:40]} 24. Ne2 {[%emt 0:06:02]} d5 {[%emt 0:02:44]} 25. cxd5 {[%emt 0:16:31]} Qxd5 {[%emt 0:00:19]} 26. c4 {[%emt 0:02:26]} Qc5 {[%emt 0:04:01]} 27. Qa1 {[%emt 0:00:37]} Ree7 {[%emt 0:02:01]} 28. Kh1 {[%emt 0:05:32]} 1/2-1/2

[Event "OBEM 2019"]
[Site "Bremen"]
[Date "2019.04.16"]
[Round "5.3"]
[White "Issing, Peter"]
[Black "Norbach, Alexander"]
[Result "1-0"]
[WhiteElo "2156"]
[BlackElo "1972"]
[Annotator "NA"]
[PlyCount "89"]
[EventDate "2019.04.13"]
[EventType "swiss"]
[EventCountry "GER"]
[SourceTitle "playchess.com"]
[Source "ChessBase"]
[SourceQuality "1"]
[TimeControl "40/5400+30:1800+30"]

1. d4 {[%emt 0:00:00]} d5 {[%emt 0:00:00]} 2. c4 {[%emt 0:00:00]} c6 {[%emt 0:00:00]} 3. cxd5 {[%emt 0:00:00]} cxd5 {[%emt 0:00:00]} 4. Bg5 {[%emt 0:00:01]} Nc6 {[%emt 0:00:03]} 5. Nc3 {[%emt 0:00:09]} Nf6 {[%emt 0:01:17]} 6. Bxf6 {[%emt 0:00:19] D10: Slav Defence: 3 cxd5 (without early Nf3) and 3 Nc3} exf6 {[%emt 0:00:12]} (6... gxf6 7. e3 a6 8. Rc1 Bf5 9. Bd3 Bg6 10. f4 f5 11. h4 h5 12. Nf3 e6 13. Na4 f6 {½-½ (39) Grischuk,A (2761)-Carlsen,M (2832) Paris 2017}) 7. e3 {[%emt 0:00:28]} Be6 {[%emt 0:01:12]} 8. Bd3 {[%emt 0:00:53]} Rc8 $146 {[%emt 0:00:44]} ({Predecessor:} 8... Be7 9. Nge2 O-O 10. O-O a6 11. Rc1 Rc8 {1-0 (61) Tomilova,E (2332)-Fomin,P (2056) Ekaterinburg 2018}) 9. Rc1 {[%emt 0:07:47]} a6 {[%emt 0:05:47]} 10. Nge2 {[%emt 0:01:25]} Bd6 {[%emt 0:00:19]} 11. a3 {[%emt 0:08:54]} O-O {[%emt 0:05:50]} 12. b4 {[%emt 0:09:17]} a5 {[%emt 0:04:17]} 13. b5 {[%emt 0:01:15]} Ne7 {[%emt 0:04:12]} 14. Qb3 {[%emt 0:03:35]} f5 {[%emt 0:06:11]} 15. O-O {[%emt 0:00:36]} g5 {[%emt 0:05:44]} 16. f4 {[%emt 0:02:27]} h6 {[%emt 0:00:11]} 17. Ng3 {[%emt 0:04:59]} f6 {[%emt 0:17:17]} 18. Nce2 {[%emt 0:08:40]} Qd7 {[%emt 0:05:43]} 19. a4 {[%emt 0:00:52]} Bb4 {[%emt 0:02:50]} 20. Rcd1 {[%emt 0:06:07]} Rcd8 {[%emt 0:04:18]} 21. Qb1 {[%emt 0:00:29]} Rf7 {[%emt 0:07:00]} 22. Kf2 {[%emt 0:08:05]} Rdf8 {[%emt 0:03:59]} 23. Rh1 {[%emt 0:01:39]} Rh7 {[%emt 0:03:26]} 24. h4 {[%emt 0:11:30]} Rg7 {[%emt 0:05:19]} 25. Nh5 {[%emt 0:01:20]} Rgf7 {[%emt 0:05:31]} 26. Neg3 {[%emt 0:00:57]} Bd6 {[%emt 0:03:44]} 27. Ke2 {[%emt 0:06:03]} g4 {[%emt 0:00:18]} 28. Kf2 {[%emt 0:01:15]} Bb4 {[%emt 0:02:24]} 29. Rhf1 {[%emt 0:04:44]} Rd8 {[%emt 0:00:15]} (29... b6 $11) 30. b6 {[%emt 0:01:33]} Rff8 {[%emt 0:00:19] [#]} ({Black should try} 30... Rc8 $14) 31. Rc1 $1 {[%emt 0:01:03]} Kf7 $2 {[%emt 0:04:34]} (31... Bd6 $16 {is more resistant.}) 32. Rc7 {[%emt 0:00:52]} Qxa4 {[%emt 0:00:13]} 33. Bxf5 {[%emt 0:01:52]} Rd7 {[%emt 0:00:30]} 34. Ng7 {[%emt 0:03:58]} Nxf5 {[%emt 0:01:07]} 35. N7xf5 {[%emt 0:00:48]} Bxf5 $2 {[%emt 0:00:18]} (35... Rxc7 36. bxc7 (36. Nxh6+ Kg7 $11) 36... Qd7) 36. Qxf5 {[%emt 0:00:26]} Rxc7 {[%emt 0:00:56]} 37. bxc7 {[%emt 0:00:59]} Qc6 {[%emt 0:00:04]} 38. Qh5+ {[%emt 0:00:53]} Ke7 {[%emt 0:00:31]} 39. Qxh6 {[%emt 0:02:07]} Qc2+ {[%emt 0:00:51]} 40. Kg1 {[%emt 0:00:23]} Rf7 $2 {[%emt 0:01:37]} (40... Qxc7 $16 41. Qh5 Qd7) 41. Qh5 {[%emt 0:01:37]} f5 $18 {[%emt 0:08:28]} (41... Qxc7 42. Qxd5 Qd7) 42. Qg5+ {[%emt 0:00:57]} Ke6 {[%emt 0:02:33]} 43. Qg6+ {[%emt 0:00:18]} Ke7 {[%emt 0:01:24]} 44. Qb6 {[%emt 0:05:50]} Ke8 {[%emt 0:04:44]} 45. Qe6+ {[%emt 0:00:36]} 1-0

[Event "OBEM 2019"]
[Site "Bremen"]
[Date "2019.04.16"]
[Round "5.4"]
[White "Sommer, Andreas"]
[Black "Pienski, Olaf"]
[Result "0-1"]
[WhiteElo "1848"]
[BlackElo "2081"]
[Annotator "NA"]
[PlyCount "77"]
[EventDate "2019.04.13"]
[EventType "swiss"]
[EventCountry "GER"]
[SourceTitle "playchess.com"]
[Source "ChessBase"]
[SourceQuality "1"]
[TimeControl "40/5400+30:1800+30"]

1. d4 {[%emt 0:00:00]} d6 {[%emt 0:00:08]} 2. c4 {[%emt 0:00:00]} e5 {[%emt 0:00:18]} 3. d5 {[%emt 0:00:00]} f5 {[%emt 0:00:38]} 4. Nf3 {[%emt 0:00:49]} Nf6 {[%emt 0:01:48]} 5. Nc3 {[%emt 0:02:10]} g6 {[%emt 0:03:05]} (5... Be7 6. g3 O-O 7. Bg2 a5 8. O-O Na6 9. a3 Bd7 10. Rb1 Nc5 11. b4 axb4 12. axb4 Na4 13. Bd2 {0-1 (32) Mindlin,A (2436)-Donchenko,A (2563) Minsk 2017}) 6. h4 {[%emt 0:04:09] A41: 1 d4 d6: Tartakower System and Modern Defence} h6 {[%emt 0:04:59]} 7. Qc2 {[%emt 0:06:17]} Bg7 {[%emt 0:03:43]} 8. Nh2 $146 {[%emt 0:07:24]} ({Predecessor:} 8. Bd2 O-O 9. g3 c5 10. Bh3 Nbd7 11. e4 Ng4 12. O-O Ndf6 13. Rae1 fxe4 14. Bxg4 Bxg4 {0-1 (35) Keeve,M (1912)-Tischbierek,R (2438) Dresden 2010}) 8... Qe7 {[%emt 0:18:47]} 9. g4 {[%emt 0:04:36]} Qf7 {[%emt 0:07:50]} 10. gxf5 {[%emt 0:05:09]} gxf5 {[%emt 0:02:27]} 11. Rg1 {[%emt 0:06:36]} Nh5 {[%emt 0:09:18]} 12. e4 {[%emt 0:09:39]} f4 {[%emt 0:00:29]} 13. Be2 {[%emt 0:00:27]} Bf6 {[%emt 0:01:41]} 14. Nf3 {[%emt 0:07:21]} Na6 {[%emt 0:02:09]} 15. Bd2 {[%emt 0:00:53]} Bd7 {[%emt 0:01:36]} 16. Nb5 {[%emt 0:07:29]} Ke7 {[%emt 0:05:14]} 17. a4 {[%emt 0:05:22]} Kf8 {[%emt 0:00:39]} 18. Ba5 {[%emt 0:02:28]} Bd8 {[%emt 0:01:26]} 19. Bc3 {[%emt 0:01:44]} Bf6 {[%emt 0:01:58]} 20. O-O-O {[%emt 0:01:34]} Rg8 {[%emt 0:01:07]} 21. Rxg8+ {[%emt 0:00:42]} Kxg8 {[%emt 0:00:26]} 22. Rg1+ {[%emt 0:00:53]} Kh8 {[%emt 0:00:29]} 23. b4 {[%emt 0:01:37]} Ng7 {[%emt 0:02:37]} 24. Qd1 {[%emt 0:04:08]} Qe7 {[%emt 0:03:37]} 25. h5 {[%emt 0:02:54]} Be8 {[%emt 0:02:44]} 26. Nd2 {[%emt 0:04:03]} c5 $1 {[%emt 0:08:54]} 27. bxc5 {[%emt 0:03:28]} Nxc5 $15 {[%emt 0:00:09]} 28. Bb4 {[%emt 0:00:35]} a6 {[%emt 0:02:31]} 29. Nc3 {[%emt 0:00:23]} Qc7 {[%emt 0:02:18]} 30. Bxc5 {[%emt 0:05:46]} Qxc5 {[%emt 0:00:24]} 31. Qb3 {[%emt 0:03:17]} Qxf2 {[%emt 0:03:00]} 32. Rf1 {[%emt 0:00:07]} Qa7 {[%emt 0:00:12]} 33. Qb4 {[%emt 0:01:44]} Be7 {[%emt 0:02:03]} 34. Nf3 {[%emt 0:01:20]} b6 {[%emt 0:03:31]} 35. Kc2 {[%emt 0:01:12]} Qc7 {[%emt 0:00:22]} 36. Rb1 {[%emt 0:00:13]} Bd8 {[%emt 0:01:43]} 37. Rg1 {[%emt 0:00:10]} Rb8 {[%emt 0:01:28]} 38. Nd1 {[%emt 0:01:28]} Qc5 {[%emt 0:00:44]} 39. Qb3 {[%emt 0:00:49]} 0-1

[Event "OBEM 2019"]
[Site "Bremen"]
[Date "2019.04.17"]
[Round "6.1"]
[White "Margraf, Daniel"]
[Black "Stieglitz, Dirk"]
[Result "1-0"]
[WhiteElo "2238"]
[BlackElo "2076"]
[Annotator "TA"]
[PlyCount "30"]
[EventDate "2019.04.13"]
[EventType "swiss"]
[EventCountry "GER"]
[SourceTitle "playchess.com"]
[Source "ChessBase"]
[SourceQuality "1"]

{[%evp 13,30,0,0,-62,30,8,14,-19,35,0,61,50,310,326,334,322,296,263,480]} 1. e4 Nf6 2. Nc3 d5 3. e5 Nfd7 4. e6 fxe6 5. d4 c5 6. Nf3 Nc6 7. dxc5 g6 8. h4 {B02: Alekhine's Defence: Chase Variation and lines with early Nc3} (8. Nd4 $11 Ndb8 9. Nb3) 8... Nf6 (8... Bg7 $15) 9. Bb5 Bg7 $1 10. Qe2 $146 {The position is equal.} ({Predecessor:} 10. h5 Nxh5 11. Be3 Bd7 12. Bxc6 bxc6 13. Bd4 e5 14. Bxe5 Nf6 15. Qd4 Qc8 {1-0 (56) Petronic,J (2455)-Marinkovic,I (2495) Niksic 1997}) 10... Bd7 (10... Qc7 $11) 11. Bxc6 Bxc6 (11... bxc6 $11 12. Ng5 Qc7) 12. Ng5 $14 Nd7 $2 {[%mdl 8192] [#]} (12... Bd7 $1 $14) 13. Nxe6 $18 {White has a decisive advantage.} ({Don't play} 13. Qxe6 $6 Bxc3+ 14. bxc3 Nxc5 $16) 13... Bxc3+ 14. bxc3 Qa5 15. O-O Bb5 $2 (15... Qxc3 16. Nc7+ {[%mdl 64] Double Attack} Kd8) 1-0

[Event "OBEM 2019"]
[Site "Bremen"]
[Date "2019.04.17"]
[Round "6.2"]
[White "Pienski, Olaf"]
[Black "Issing, Peter"]
[Result "1/2-1/2"]
[WhiteElo "2081"]
[BlackElo "2156"]
[Annotator "TA"]
[PlyCount "116"]
[EventDate "2019.04.13"]
[EventType "swiss"]
[EventCountry "GER"]
[SourceTitle "playchess.com"]
[Source "ChessBase"]
[SourceQuality "1"]

{[%evp 19,115,-3,-4,-20,-21,-23,0,-25,0,-2,-9,-54,-36,-62,-56,-54,-41,-62,-56,-87,-90,-78,-73,-72,-42,-78,-44,-70,-62,-67,-49,-51,-52,-52,-33,-40,-49,-41,-33,-41,-42,-41,-44,-56,-20,-20,-20,-20,-20,-24,-13,-13,-13,-13,0,0,0,0,0,0,0,0,0,0,0,0,0,0,0,0,0,0,0,0,0,0,0,0,0,0,0,0,0,0,0,0,0,0,0,0,0,0,0,0,0,0,0,0]} 1. e4 c5 2. Nf3 e6 3. d4 cxd4 4. Nxd4 Nc6 5. Nc3 Qc7 6. Be3 Nf6 7. Be2 a6 8. a3 b5 9. O-O Bb7 10. Nxc6 Bxc6 11. Bf3 {B49: Sicilian: Taimanov: 5 Nc3 Qc7 6 Be3 a6 7 Be2} (11. Bd3 Be7 12. f4 d6 13. Qf3 Qb7 14. Rae1 O-O 15. Bd4 b4 16. axb4 Qxb4 17. Ne2 d5 18. e5 Ne4 {½-½ (44) Karjakin,S (2779)-Kurnosov,I (2663) Astana 2012}) 11... Bd6 12. g3 h5 13. Qd2 $146 ({Predecessor:} 13. Re1 h4 14. Bg2 hxg3 15. hxg3 Bb7 16. Bd4 Bc5 17. Bxc5 Qxc5 18. e5 Bxg2 19. Kxg2 Rh2+ 20. Kxh2 Qxf2+ 21. Kh3 O-O-O 22. Re4 Nxe4 {0-1 (22) Valenta,V (2134)-Pagerka,M (2297) Tatranske Zruby 2014}) 13... h4 14. Rad1 Be5 {[%cal Rh4g3]} 15. Bf4 Bxf4 16. Qxf4 Qxf4 17. gxf4 h3 18. Rd3 Rh4 19. e5 Bxf3 20. Rxf3 Nh5 21. f5 Rc8 22. fxe6 dxe6 23. Rd1 Rc5 24. Re3 a5 25. Rd2 Ke7 26. Ne2 g6 27. f3 b4 28. axb4 axb4 29. Kf2 Rhc4 30. c3 bxc3 31. bxc3 Kf8 32. Rd4 Rxd4 33. cxd4 $11 {[%mdl 4096] Endgame KRN-KRN} Rc2 34. Re4 g5 {next ...Nf4 is good for Black.} 35. Ke3 {The position is equal.} Kg7 36. Rg4 $1 Kh6 37. f4 gxf4+ 38. Nxf4 Nxf4 39. Rxf4 Rxh2 40. Rxf7 {KR-KR} Ra2 41. Rf1 Kg5 42. Rg1+ Rg2 43. Rxg2+ hxg2 {KPP-KPP} 44. Kf2 Kf5 45. Kxg2 {[#] Threatens to win with Kf3. KPP-KP} Ke4 46. Kf2 Kxd4 {KP-KP} 47. Ke2 Ke4 (47... Kxe5 $5 48. Ke3 $8 Kf6 $11) 48. Kd2 Kxe5 {KP-K} 49. Ke3 Kd5 50. Kd3 e5 51. Ke3 e4 52. Ke2 Kd4 53. Kd2 e3+ 54. Ke1 $1 Ke5 (54... Kc3 $5) 55. Ke2 Kf4 (55... Kd4 $5) 56. Ke1 Kf3 {[#] ( -> ...e2)} 57. Kf1 e2+ 58. Ke1 Ke3 {Accuracy: White = 76%, Black = 67%.} 1/2-1/2